Sports Quiz

Random Sports or MLB Quiz

MLB All-Star First Basemen (NL) Quiz Stats

 Plays Quiz Updated Jul 19, 2018

Score 0/89 Timer 10:00
0 Plays Today
Year Name % Correct
2004Albert Pujols
94.7%
2006Albert Pujols
94.7%
2009Albert Pujols
94.7%
2010Albert Pujols
93.6%
2012Joey Votto
91.3%
2013Joey Votto
91.2%
2001Todd Helton
89.9%
2002Todd Helton
89.9%
2003Todd Helton
89.9%
2007Prince Fielder
88.9%
2011Prince Fielder
87.3%
2015Paul Goldschmidt
86.4%
2016Anthony Rizzo
84.9%
1997Jeff Bagwell
82.9%
2018Freddie Freeman
82.4%
2014Paul Goldschmidt
82.3%
2017Ryan Zimmerman
75.1%
2005Derrek Lee
74.6%
2008Lance Berkman
72.3%
1988Will Clark
70.5%
1989Will Clark
70.5%
1990Will Clark
70.5%
1991Will Clark
70.5%
1987Jack Clark
70.2%
1966Willie McCovey
69%
1968Willie McCovey
69%
1969Willie McCovey
69%
1971Willie McCovey
69%
1998Mark McGwire
68.8%
1999Mark McGwire
68.8%
Year Name % Correct
1974Steve Garvey
65.5%
1975Steve Garvey
65.5%
1976Steve Garvey
65.5%
1977Steve Garvey
65.5%
1978Steve Garvey
65.5%
1979Steve Garvey
65.5%
1980Steve Garvey
65.5%
1984Steve Garvey
65.5%
1985Steve Garvey
65.5%
1986Keith Hernandez
63.8%
1992Fred McGriff
63.2%
1995Fred McGriff
63.2%
1996Fred McGriff
63.2%
1950Stan Musial
62.1%
1957Stan Musial
62%
1958Stan Musial
62%
1959 (2)Stan Musial
62%
1981Pete Rose
50.2%
1982Pete Rose
50.2%
1973Hank Aaron
48.4%
1993John Kruk
45.7%
2000Andres Galarraga
44.5%
1965Ernie Banks
44.4%
1959 (1)Orlando Cepeda
42%
1962 (1)Orlando Cepeda
42%
1962 (2)Orlando Cepeda
42%
1964Orlando Cepeda
42%
1967Orlando Cepeda
42%
1937Johnny Mize
33.7%
1940Johnny Mize
33.7%
Year Name % Correct
1941Johnny Mize
33.7%
1942Johnny Mize
33.7%
1946Johnny Mize
33.7%
1947Johnny Mize
33.7%
1948Johnny Mize
33.7%
1949Johnny Mize
33.7%
1953Ted Kluszewski
31.5%
1954Ted Kluszewski
31.5%
1955Ted Kluszewski
31.5%
1972Lee May
31.1%
1951Gil Hodges
31.1%
1933Bill Terry
23.4%
1934Bill Terry
23.4%
1935Bill Terry
23.4%
1960 (1)Joe Adcock
20.8%
1960 (2)Joe Adcock
20.8%
1961 (1)Bill White
20.8%
1961 (2)Bill White
20.8%
1963Bill White
20.8%
1983Al Oliver
17.4%
1970Dick Allen
16.4%
1994Gregg Jefferies
13.2%
1938Frank McCormick
9%
1939Frank McCormick
9%
1936Ripper Collins
8%
1944Phil Cavarretta
7.1%
1956Dale Long
5.8%
1952Whitey Lockman
5.7%
1943Elbie Fletcher
2.8%

You're not logged in!

Compare scores with friends on all Sporcle quizzes.
OR
Log In

You Might Also Like...

Show Comments

Extras

Top Quizzes Today


Score Distribution

Your Account Isn't Verified!

In order to create a playlist on Sporcle, you need to verify the email address you used during registration. Go to your Sporcle Settings to finish the process.

Report this User

Report this user for behavior that violates our Community Guidelines.

Details: